Celebrities by Dancing GIFs Quiz Stats

Quiz not verified by Sporcle

Challenge
Share
Tweet
Score 0/25 Timer 08:00
0 Plays Today
% Correct
Taylor Swift
93.9%
Barack Obama
92.3%
Nelson Mandela
89.2%
Serena Williams
87.9%
David Schwimmer & Jennifer Aniston
87.7%
Justin Timberlake
85.1%
Jim Parsons & Mayim Bialik
85%
Beyoncé
84.7%
Paul McCartney & Nancy Shevell
79.4%
Prince William
78.2%
Susan Boyle
75.4%
Jimmy Fallon
73.6%
Zayn Malik & Harry Styles
73%
% Correct
Yoko Ono
71.4%
Christina Aguilera
69%
Shaquille O'Neal & Conan O'Brien
67.9%
Kim Kardashian
65.3%
Alfonso Ribeiro
60.9%
Jon Stewart & John Oliver
60.7%
Ariana Grande
58.1%
Joseph Gordon-Levitt
54.8%
James McAvoy, Michael Fassbender & Hugh Jackman
53.5%
Boris Johnson
30.4%
Stephen Merchant
24.1%
Oscar & David Luiz
20.5%

You're not logged in!

Compare scores with friends on all Sporcle quizzes.
Sign Up with Email
OR
Log In

You Might Also Like...

Show Comments

Extras

Top Quizzes Today


Score Distribution

Your Account Isn't Verified!

In order to create a playlist on Sporcle, you need to verify the email address you used during registration. Go to your Sporcle Settings to finish the process.